Statistics for Hollow Knight Music

Click here to take the quiz!

General Stats

  • This quiz has been taken 25 times
  • The average score is 26 of 40

Answer Stats

Song% Correct
Dirtmouth
89%
Hollow Knight
89%
Crystal Peak
83%
False Knight
83%
Greenpath
83%
Hornet
83%
Nightmare King
83%
Radiance
83%
City of Tears
78%
Kingdom's Edge
78%
Mantis Lords
78%
Sisters of Battle
78%
White Palace
78%
Broken Vessel
72%
Daughter of
Hallownest
72%
Dream
72%
Fungal Wastes
72%
Dung Defender
67%
Hive Knight
67%
Resting Grounds
67%
Sealed Vessel
67%
The Grimm Troupe
67%
White Defender
67%
Crossroads
61%
Pure Vessel
61%
Queen's Gardens
61%
Soul Sanctum
61%
Decisive Battle
56%
Dream Battle
56%
Enter Hallownest
56%
Godhome
56%
Gods and Glory
56%
The White Lady
56%
Dreamers
50%
Nosk
50%
Truth, Beauty, and
Hatred
50%
Pale Court
44%
Furious Gods
39%
Haunted Foes
39%
Reflection
39%

Score Distribution

Percentile by Number Answered

Percent of People with Each Score

Your Score History

You have not taken this quiz